History Quiz

Random History or Nation Quiz
Score 0/30 Timer 08:00
2 Plays Today
% Correct
The first Thanksgiving
95.9%
The Mammoth goes extinct
93.3%
The Taj Mahal
92.6%
The Great Fire of London
90.7%
Iceland is settled by Norsemen
89.9%
Homer recites The Odyssey
86.4%
The Silk Road
82.9%
The Rosetta Stone discovered
82.7%
The Lewis and Clark Expedition
82.4%
The enforcement of prohibition
82.2%
The Chinese (Communist) Revolution
81.7%
The Aztecs found Tenochtitlan
77.5%
Philip IV of France dissolves the Knights Templar
77.4%
The Spanish Civil War
72.4%
Pythagoras proves his theorem
69.1%
% Correct
The Gunpowder Plot
62.3%
Simón Bolívar
61.9%
The Los Angeles Riots
58.1%
Senator Joseph McCarthy
56%
Idi Amin takes power in Uganda
55.7%
Lizzie Borden
52.3%
The Zulu army defeat the British at Isandhlwana
44.9%
Wat Tyler leads The Peasants' Revolt
43.9%
The Irish War of Independence
30.6%
The Prague Spring
29.4%
Isambard Kingdom Brunel
27.6%
Mansa Musa makes his pilgrimage to Mecca
26.6%
The Luddites protest against mechanisation
24.8%
The Montgolfier Brothers perform the first piloted flight
16%
Privateer Henry Morgan sacks Panama City
11.6%

You're not logged in!

Compare scores with friends on all Sporcle quizzes.
OR
Log In

Sporcle TV

Today on Sporcle TV


Watch our educational content, quiz creation guides, and fun videos on Sporcle TV.

Show Comments

Extras

Top Quizzes Today


Score Distribution

Your Account Isn't Verified!

In order to create a playlist on Sporcle, you need to verify the email address you used during registration. Go to your Sporcle Settings to finish the process.

Report this User

Report this user for behavior that violates our Community Guidelines.

Details: